<?xml version="1.0" encoding="UTF-8"?><?xml-stylesheet type="text/xsl" href="static/style.xsl"?><OAI-PMH xmlns="http://www.openarchives.org/OAI/2.0/" xmlns:xsi="http://www.w3.org/2001/XMLSchema-instance" xsi:schemaLocation="http://www.openarchives.org/OAI/2.0/ http://www.openarchives.org/OAI/2.0/OAI-PMH.xsd"><responseDate>2026-06-06T19:12:16Z</responseDate><request verb="GetRecord" identifier="oai:riuma.uma.es:10630/44658" metadataPrefix="marc">https://riuma.uma.es/rest/oai/request</request><GetRecord><record><header><identifier>oai:riuma.uma.es:10630/44658</identifier><datestamp>2026-02-05T07:26:01Z</datestamp><setSpec>com_10630_2254</setSpec><setSpec>col_10630_37956</setSpec></header><metadata><record xmlns="http://www.loc.gov/MARC21/slim" xmlns:dcterms="http://purl.org/dc/terms/" xmlns:doc="http://www.lyncode.com/xoai" xmlns:xsi="http://www.w3.org/2001/XMLSchema-instance" xsi:schemaLocation="http://www.loc.gov/MARC21/slim http://www.loc.gov/standards/marcxml/schema/MARC21slim.xsd">
   <leader>00925njm 22002777a 4500</leader>
   <datafield ind2=" " ind1=" " tag="042">
      <subfield code="a">dc</subfield>
   </datafield>
   <datafield ind2=" " ind1=" " tag="720">
      <subfield code="a">Crespillo Marí, Leticia</subfield>
      <subfield code="e">author</subfield>
   </datafield>
   <datafield ind2=" " ind1=" " tag="260">
      <subfield code="c">2021-01-01</subfield>
   </datafield>
   <datafield ind2=" " ind1=" " tag="520">
      <subfield code="a">La intención de este texto es mostrar algunos de los resultados obtenidos en el proceso de&#xd;
realización de mi tesis doctoral hasta la fecha. Un estudio llevado a cabo desde la perspectiva&#xd;
histórico-artística y centrado en el ámbito estético, perceptivo, procesual, performativo, inmersivo,&#xd;
interactivo, neurocognitivo y somático del sujeto como ente activo frente al artefacto&#xd;
artístico. El objetivo es ofrecer una alternativa de registro catalográfico en realidad virtual que&#xd;
permita completar el fenómeno de la recepción de una manera mucho más exhaustiva, en el&#xd;
caso concreto de las instalaciones y environments lumínicos contemporáneos. Este uso de la luz,&#xd;
como material plástico intangible configurador del espacio transitables, supone la necesidad&#xd;
de una intervención in situ que el catálogo tradicional bidimensional no puede ofrecer pero&#xd;
que, a través de la interfaz se puede emular casi por completo. Así, se propone la creación de&#xd;
un complemento pedagógico e interactivo al catálogo convencional que amplíe los límites del&#xd;
conocimiento de estas intervenciones desde el punto de vista de la</subfield>
   </datafield>
   <datafield ind1="8" ind2=" " tag="024">
      <subfield code="a">La realidad virtual como herramienta para el registro catalográfico en el ámbito de las instalaciones y environments de luz contemporáneos  Leticia Crespillo Marí  Las humanidades digitales como expresión y estudio del patrimonio digital / coord. por María Ángela Celis Sánchez, 2021, ISBN 978-84-9044-444-3, págs. 163-178</subfield>
   </datafield>
   <datafield ind1="8" ind2=" " tag="024">
      <subfield code="a">978-84-9044-444-3</subfield>
   </datafield>
   <datafield ind1="8" ind2=" " tag="024">
      <subfield code="a">https://hdl.handle.net/10630/44658</subfield>
   </datafield>
   <datafield tag="653" ind2=" " ind1=" ">
      <subfield code="a">Arte digital</subfield>
   </datafield>
   <datafield tag="653" ind2=" " ind1=" ">
      <subfield code="a">Catálogos de exposiciones</subfield>
   </datafield>
   <datafield tag="653" ind2=" " ind1=" ">
      <subfield code="a">Museografía</subfield>
   </datafield>
   <datafield ind2="0" ind1="0" tag="245">
      <subfield code="a">La realidad virtual como herramienta para el registro catalográfico en el ámbito de las instalaciones y environments de luz contemporáneos.</subfield>
   </datafield>
</record>
</metadata></record></GetRecord></OAI-PMH>